000 01544nam a22002297a 4500
001 9579
003 FISKH
005 20260123154644.0
008 260123b cb ||||| |||| 00| 0 eng d
020 _a9781471407598
040 _aFISKH
_beng
_cFISKH
_dFISKH
050 _aPS3602 .L33
082 _a813.6
100 _aBlack, Holly
245 _aThe queen of nothing /
_cHolly Black
260 _aLondon :
_bHot Keys Books,
_c2020.
300 _a305 pages :
_c20 cm
520 _aHe will be the destruction of the crown and the ruination of the throne Power is much easier to acquire than it is to hold onto. Jude learned this lesson when she released her control over the wicked king, Cardan, in exchange for immeasurable power. Now as the exiled mortal Queen of Faerie, Jude is powerless and left reeling from Cardan's betrayal. She bides her time determined to reclaim everything he took from her. Opportunity arrives in the form of her twin sister, Taryn, whose life is in peril. Jude must risk venturing back into the treacherous Faerie Court, and confront her lingering feelings for Cardan, if she wishes to save her sister. But Elfhame is not as she left it. War is brewing. As Jude slips deep within enemy lines she becomes ensnared in the conflict's bloody politics. And, when a dormant yet powerful curse is unleashed, panic spreads throughout the land, forcing her to choose between her ambition and her humanity . . .
650 _aYoung Adult Fantasy
_vRomance
_xThe Folk of the Air
942 _2ddc
_cBK
_n0
999 _c9579
_d9579